Akta Undang-undang Keluarga Islam (Wilayah-wilayah Persekutuan) 1984 (Akta 303) : (Hingga 5hb Jun 2007)

Bibliographic Details
Corporate Authors: Malaysia, International Law Book Services. Lembaga Penyelidikan Undang-Undang
Format: Book
Language:Malay
Published: Petaling Jaya : ILBS , 2007
Subjects:

MARC

LEADER 00000cam a2200000 7i4500
001 0000022569
005 20100219.0
008 100219s my # may
020 |a 9678913917 ,   |c RM13.20 
040 |a INS 
090 0 0 |a KPG540   |b M4 2007 
110 1 |a Malaysia 
240 0 0 |a [Akta Undang-undang Keluarga Islam (Wilayah-wilayah Persekutuan) 1984 (Akta 303)] 
245 1 0 |a Akta Undang-undang Keluarga Islam (Wilayah-wilayah Persekutuan) 1984 (Akta 303) :   |b (Hingga 5hb Jun 2007)   |c disusun oleh Lembaga Penyelidikan Undang-Undang 
260 |a Petaling Jaya :   |b ILBS ,   |c 2007 
300 |a 74 p. ;   |c 24 cm. 
650 0 0 |a Family law (Islamic law)   |z Malaysia 
710 1 |a International Law Book Services. Lembaga Penyelidikan Undang-Undang 
740 0 |a Undang-Undang Malaysia 
999 |a 0000021424   |b BOOK   |c Acts   |e Default branch